00863 2200289 4500001002100000001002100021005001500042020002200057035002400079040001200103082001900115084001900134090001600153090001900169100002200188245006200210245009800272250001100370260003100381260003500412300003100447650003100478700001900509700001800528850001200546990001500558YOGYA000000000001068YOGYA00000000000106820140822083110 a978-979-3064-85-7 0010-081400000001108 aYOPDYOG 2[22]a899.2213 a899.2213 Mon S a959.8 Meu I a899.2213 Mon S aMONTEFIORE, Simon aIndonesia diambang sejarah cet.1cMeulen Sj , W.J. Vander aSashenkac/ Simon Montefiore ; penerjemah Yanto Musthofa & Ida Rosdalina ; editor, A. Fathoni aCet.1. aYogyakartabKanisiusc1988 aJakartabPustaka Alvabetc2010 a635 hlm.c; 20 cm (3 eks.) aFiksi Indonesia-Terjemahan aYanto Musthofa aIda Rosdalina aYOPDYOG a59415.P/95